A Wavelet Tour of Signal Processing (Record no. 261)

MARC details
000 -LEADER
Fixed length control field 00478nam a2200193 4500
003 - CONTROL NUMBER IDENTIFIER
Control field SEACOMMC
005 - DATE AND TIME OF LATEST TRANSACTION
Control field 20231018093510.0
008 - FIXED-LENGTH DATA ELEMENTS--GENERAL INFORMATION
Fixed length control field 231018b |||||||| |||| 00| 0 eng d
020 ## - INTERNATIONAL STANDARD BOOK NUMBER / ISBN
Price Rs. 450.00
040 ## - CATALOGING SOURCE
Original cataloging agency SEACOMMC
082 ## - DEWEY DECIMAL CLASSIFICATION NUMBER
Classification number 515.2433
Book Number MAL
100 1# - MAIN ENTRY--PERSONAL NAME
Personal name Mallat, Stephane
245 12 - TITLE STATEMENT
Title A Wavelet Tour of Signal Processing
Statement of responsibility Stephane Mallat
250 ## - EDITION STATEMENT
Edition statement 2nd ed.
260 ## - IMPRINT
Place of publication New York
Name of publisher Elsevier
Date of publication 2006
650 ## - SUBJECT ADDED ENTRY--TOPICAL TERM
Topical term Mathematics
650 ## - SUBJECT ADDED ENTRY--TOPICAL TERM
Topical term Ananlysis
942 ## - ADDED ENTRY ELEMENTS (KOHA)
Koha item type Books
Holdings
Withdrawn status Lost status Source of classification Damaged status Not for loan Home library Current library Date acquired Total Checkouts Call number Accession number Date last seen Price effective from Koha item type
    Dewey Decimal Classification     SEACOM MANAGEMENT COLLEGE SEACOM MANAGEMENT COLLEGE 06/09/2006   515.2433 MAL 05431 18/10/2023 18/10/2023 Books
© Seacom Engineering College, All rights reserved.    Powered by Koha